Vplyv inovácií na ekonomické postavenie Slovenska v rámci krajín Európskej únie bakalárska práca

Gespeichert in:
Bibliographische Detailangaben
1. Verfasser: Jurčišinová, Lucia
Körperschaft: Podnikovohospodárska fakulta EU so sídlom v Košiciach. Katedra ekonómie
Weitere Verfasser: Kropková, Zlata
Format: Buch
Sprache:Slowakisch
Veröffentlicht: Košice 2010
Tags: Tag hinzufügen
Keine Tags, Fügen Sie das erste Tag hinzu!

MARC

LEADER 00000nbm a2200000 4500
001 0132794
005 20240827093147.6
041 0 |a slo 
044 |a SK 
245 1 0 |a Vplyv inovácií na ekonomické postavenie Slovenska v rámci krajín Európskej únie  |b bakalárska práca  |c Lucia Jurčišinová ; školiteľ: Zlata Kropková 
264 1 |a Košice  |c 2010 
300 |a 61 s. 
100 1 |a Jurčišinová, Lucia 
700 1 |a Kropková, Zlata 
710 2 |a Podnikovohospodárska fakulta EU so sídlom v Košiciach. Katedra ekonómie